Solar energy research /

Bibliographic Details
Main Author: Daniels, Farrington, 1889-1972
Other Authors: Duffie, John A.
Format: Book
Language:English
Published: Madison : University of Wisconsin Press, 1955.
Subjects:

MARC

Tag First Indicator Second Indicator Subfields
LEADER 00000cam a2200000 4500
001 in00000448321
005 20151012161917.0
008 730222s1955 wiua b 00010 eng
010 |a  55006325  
035 |a (OCoLC)00563186 
035 |9 ABZ4753AM 
040 |c WSU  |d TXA  |d UtOrBLW 
049 |a TXAM  |c 1 [165943], 2 [375079] 
050 0 0 |a TJ810  |b .D3 
100 1 |a Daniels, Farrington,  |d 1889-1972. 
245 1 0 |a Solar energy research /  |c edited by Farrington Daniels and John A. Duffie. 
264 1 |a Madison :  |b University of Wisconsin Press,  |c 1955. 
300 |a xv, 290 pages :  |b illustrations ;  |c 25 cm. 
336 |a text  |b txt  |2 rdacontent 
337 |a unmediated  |b n  |2 rdamedia 
338 |a volume  |b nc  |2 rdacarrier 
500 |a Based on the proceedings of the symposium held at Madison, Wis., Sept. 1953. 
504 |a Bibliography: pages 269-282. 
650 0 |a Solar energy. 
700 1 |a Duffie, John A. 
999 |a MARS 
999 f f |s c2867ee7-f902-30df-bd3a-498b43b9ac88  |i f7378fd4-c478-3c2c-8cc7-87695f53f92f  |t 0 
952 f f |p ric  |a Texas A&M University  |b Rellis Campus  |c Joint Library Facility  |d Remote Storage  |t 0  |e TJ810 .D3  |h Library of Congress classification  |i unmediated -- volume  |m A14805443381 
952 f f |p normal  |a Texas A&M University  |b College Station  |c Sterling C. Evans Library  |d Evans: Library Stacks  |t 0  |e TJ810 .D3  |h Library of Congress classification  |i unmediated -- volume  |m A14805443373 
998 f f |a TJ810 .D3  |t 0  |l Evans: Library Stacks 
998 f f |a TJ810 .D3  |t 0  |l Remote Storage